Catálogo

FUNDAMENTOS DE ONCOLOGIA MEDICA PARA ENFERMERAS (Registro nro. 55884)

Detalles MARC
000 -LEADER
fixed length control field 00812nam a2200181 a 4500
001 - CONTROL NUMBER
control field 55884
005 - DATE AND TIME OF LATEST TRANSACTION
control field 20180714051401.0
008 - FIXED-LENGTH DATA ELEMENTS--GENERAL INFORMATION
fixed length control field 140415s2004 mx 000 0 spa d
041 ## - LANGUAGE CODE
Language code of text/sound track or separate title spa
082 ## - DEWEY DECIMAL CLASSIFICATION NUMBER
Classification number 616.992
Item number SAN
100 1# - MAIN ENTRY--PERSONAL NAME
Personal name SANCHEZ GUTIERREZ, ESTHER
245 10 - TITLE STATEMENT
Title FUNDAMENTOS DE ONCOLOGIA MEDICA PARA ENFERMERAS
250 ## - EDITION STATEMENT
Edition statement 1a ed.
260 ## - PUBLICATION, DISTRIBUTION, ETC.
Place of publication, distribution, etc. MEXICO :
Name of publisher, distributor, etc. INDETERMINADO,
Date of publication, distribution, etc. 2004
300 ## - PHYSICAL DESCRIPTION
Extent 182
Dimensions 13 x 1.3 x 20.7
520 ## - SUMMARY, ETC.
Summary, etc. EL PRESENTE MANUAL PUEDE DAR A CONOCER ASPECTOS ONCOLÓGICOS FUNDAMENTALES QUE DEBEN ESTAR AL ALCANCE DE ENFERMERA, PARA LOGRAR UNA MAYOR INTEGRACION AL GRUPO MULTIDISCIPLINARIO DEDICADO A LA ATENCION DEL PACIENTE CON CANCER ABARCANDO CONOCIMIENTOS QUE VAN MAS ALLA DE LA PREPARACION Y ADMINISTRACION DE UN TRATAMIENTO
650 14 - SUBJECT ADDED ENTRY--TOPICAL TERM
Topical term or geographic name entry element ONCOLOGIA
General subdivision TRATAMIENTO
Existencias
Withdrawn status Lost status Source of classification or shelving scheme Damaged status Not for loan Collection code Home library Current library Shelving location Date acquired Source of acquisition Inventory number Total Checkouts Total Renewals Full call number Barcode Date last seen Date last checked out Price effective from Koha item type
    Dewey Decimal Classification     General Biblioteca Karol Wojtyla Biblioteca Karol Wojtyla Sala general 03/12/2013 Compra 151000000000000000008801 3 2 616.992 SAN 84004 05/01/2026 11/03/2022 03/12/2013 Libro